| 000 | 00913nam a2200217Ia 4500 | ||
|---|---|---|---|
| 003 | IN-BaIIA | ||
| 008 | 211028s9999 xx 000 0 eng d | ||
| 040 | _cIIA Library | ||
| 080 |
_a063:53 _bENF-37 |
||
| 111 |
_aConference of International School of Physics "Enrico Fermi" _cItaly _d1966 June 6 -25 _95563 |
||
| 245 | 0 |
_aTheory of magnetism in transition metals _bproceedings of the International School of Physics "Enrico Fermi" course held in Varenna Sul Lago di Como, Villa Monastero 6th-25th June 1966 _cedited by Marshall W. |
|
| 260 |
_aNew York _bAcademic Press _c1967 |
||
| 300 | _axii, 454p. | ||
| 490 | _aInternational School of Physics "Enrico Fermi" Course v. 37 | ||
| 650 |
_aMagnetism _956 |
||
| 650 | _aNASA Thesaurus | ||
| 650 |
_aTransition Metals _95564 |
||
| 700 |
_aMarshall, W., ed. _95565 |
||
| 710 | _aItalian Physical Society | ||
| 942 | _cBK | ||
| 999 |
_c3135 _d3135 |
||